Canalejas y el Partido Liberal Democrático (1900-1910) / (Record no. 10266)

MARC details
000 -LEADER
campo de control de longitud fija 00837nam a2200265 i 4500
001 - NÚMERO DE CONTROL
campo de control 10266
003 - IDENTIFICADOR DE NÚMERO DE CONTROL
campo de control ES-MaACL
005 - FECHA Y HORA DE LA ÚLTIMA TRANSACCIÓN
campo de control 20250604062618.0
007 - CAMPO FIJO DE DESCRIPCIÓN FÍSICA--INFORMACIÓN GENERAL
campo de control de longitud fija t|
008 - DATOS DE LONGITUD FIJA--INFORMACIÓN GENERAL
campo de control de longitud fija 950407s1993 sp ||||1| spa d
020 ## - NÚMERO INTERNACIONAL ESTÁNDAR DEL LIBRO
Número Internacional Estándar del Libro 84-376-1155-5
080 ## - NÚMERO DE LA CLASIFICACIÓN DECIMAL UNIVERSAL
Número de la Clasificación Decimal Universal 9(46)"1902/31"
080 ## - NÚMERO DE LA CLASIFICACIÓN DECIMAL UNIVERSAL
Número de la Clasificación Decimal Universal 32:92 Canalejas, José
100 1# - ENTRADA PRINCIPAL--NOMBRE DE PERSONA
Nombre de persona Forner Muñoz, Salvador.
9 (RLIN) 51778
245 10 - MENCIÓN DEL TÍTULO
Título Canalejas y el Partido Liberal Democrático (1900-1910) /
Mención de responsabilidad, etc. Salvador Forner Muñoz.
260 ## - PUBLICACIÓN, DISTRIBUCIÓN, ETC.
Lugar de publicación, distribución, etc. Madrid :
Nombre del editor, distribuidor, etc. Cátedra,
Fecha de publicación, distribución, etc. 1993.
300 ## - DESCRIPCIÓN FÍSICA
Extensión 182 p. ;
Dimensiones 21 cm.
490 1# - MENCIÓN DE SERIE
Mención de serie Historia. Serie menor
504 ## - NOTA DE BIBLIOGRAFÍA, ETC.
Nota de bibliografía, etc. Bibliografía: p. 173-182.
600 14 - PUNTO DE ACCESO ADICIONAL DE MATERIA--NOMBRE DE PERSONA
Nombre de persona Canalejas, José,
Fechas asociadas al nombre 1854-1912
9 (RLIN) 34382
651 #4 - PUNTO DE ACCESO ADICIONAL DE MATERIA--NOMBRE GEOGRÁFICO
Nombre geográfico España-
Subdivisión general Historia-
Subdivisión cronológica 1902-1931, Alfonso XIII
9 (RLIN) 8276
830 0# - PUNTO DE ACCESO ADICIONAL DE SERIE-TÍTULO UNIFORME
Título uniforme Historia. Serie menor
9 (RLIN) 178513
852 ## - LOCALIZACIÓN
Ubicación ES-MaACL
Número de control de estantería L-17773
Sublocalización o colección R.122948
Holdings
Estatus retirado Estado de pérdida Estado de daño No para préstamo Biblioteca de origen Biblioteca actual Ubicación en estantería Fecha de adquisición Fuente de adquisición Total de préstamos Signatura topográfica completa Código de barras Visto por última vez Precio de reemplazo Tipo de ítem Koha
        Biblioteca del Ateneo de Madrid Biblioteca del Ateneo de Madrid Depósito 2 17/01/2008     L-17773 1010476 23/02/2023 23/02/2023 Libro impreso